| 000 | 00529nam a2200169 a 4500 | ||
|---|---|---|---|
| 005 | 20140412111255.0 | ||
| 008 | 000825s19uu xx 00 eng d | ||
| 020 | _a0-590-02592-9 | ||
| 050 |
_aTR(PS E _bFr84Ne 1997 |
||
| 100 | _aBourgeois, Paulette | ||
| 245 |
_aFranklin's new friend / _cPaulette Bourgeois ; illustrated by Brenda Clark. |
||
| 260 |
_aNew York : _bScholastic Inc, _c1997. |
||
| 300 | _a1 v. (unp.) ; ill. | ||
| 520 | _aSay hello to Franklin's new friend. | ||
| 650 | _aFriendship-Fiction | ||
| 999 |
_c103220 _d103220 |
||